| 000 | 00735nam a2200229 i 4500 | ||
|---|---|---|---|
| 001 | bg | ||
| 100 | 1 | _aPRZYTULSKI, Andrzej. | |
| 245 | 1 | 0 |
_aZbiór zadań z podstaw elektrotechniki dla studentów studiów zaocznych. _nCz.2 / _cAndrzej Przytulski. |
| 250 | _a(Wyd. 2). | ||
| 260 |
_aOpole : _bOficyna Wydawnicza PO, _c2002. |
||
| 300 |
_a219 s. : _bil. ; _c24 cm. |
||
| 490 | 1 |
_aSkrypt / Politechnika Opolska, _x1427-9932 ; _vnr 246 |
|
| 504 | _aBibliogr. | ||
| 650 | 9 | _aElektrotechnika | |
| 655 | _aĆwiczenia i zadania dla szkół wyższych | ||
| 830 | 0 |
_aSkrypt (Politechnika Opolska) ; _vnr 246 |
|
| 040 | _cBPK | ||
| 041 | 0 | _apol | |
| 080 | _a621.3(075.8)(076) | ||
| 942 | _cKS | ||
| 008 | s pl f |000 0 pol | ||
| 999 |
_c42823 _d42823 |
||
| 856 |
_uhttp://koha.tu.koszalin.pl/cgi-bin/koha/opac-detail.pl?biblionumber=42823 _yKatalog online BPK |
||